000 00447nam a2200181Ia 4500
008 090124s9999 xx 000 0 und d
082 _b122001
100 _aसाठे माया
245 _a रामोशी
250 _a1
260 _c1987
300 _a207
600 _aसाठे माया
630 _a रामोशी
700 _aसाठे माया
730 _a रामोशी
942 _cBOOK
999 _c168087
_d168087